=LDR 00000nam 2200000 4500 =001 NUTBA000000000002681 =005 20140624152240.0 =006 =007 =008 =020 ##$$a 978-602-855-1809 =035 ##$$a 0010-061400000000624 =040 ##$$a NBPDMAT =082 ##$$a 745.92 =090 ##$$a 745.92 $b Fik s =100 ##$$a Fika Hidayani =245 ##$$a Seni merangki bunga / $c Fika Hidayani ; penyunting ahli, Janu Ismadi =250 ##$$a Cet.2 =260 ##$$a Jakarta : $b Buana Cipta Pustaka, $c 2011 =300 ##$$a 56 hlm. : $b ilus. ; $c 21 cm. =500 ##$$a Indeks : hlm. 52, Bibliografi : hlm. 55 - 56 =650 ##$$a merangkai Bunga =850 ##$$a NBPDMAT =990 ##$$a 21402312